00396nam a2200133 a 450000500170000000800410001702000180005805000210007610000180009724500720011526000350018730000090022244000310023120140412111425.0090224s19uu xx 00 eng d a971-518-114-3 aFil EbMo86 2006 aPastor, Boots aThe Mouse and the lion: Ang Dagat at ang leon /cBoots S.A. Pastor. aPhilippines :bLampara,c2006. aunp. aStories with moral lessons